ਮੇਰਾ ਦਾਗ਼ਿਸਤਾਨ (Record no. 1229618)
[ view plain ]
| 000 -LEADER | |
|---|---|
| fixed length control field | 00748nam a2200229Ia 4500 |
| 003 - CONTROL NUMBER IDENTIFIER | |
| control field | OSt |
| 005 - DATE AND TIME OF LATEST TRANSACTION | |
| control field | 20250909150501.0 |
| 008 - FIXED-LENGTH DATA ELEMENTS--GENERAL INFORMATION | |
| fixed length control field | 241129s9999||||xx |||||||||||||| ||und|| |
| 037 ## - SOURCE OF ACQUISITION | |
| Stock number | TB |
| 040 ## - CATALOGING SOURCE | |
| Original cataloging agency | CRL |
| Language of cataloging | pun |
| Transcribing agency | CRL |
| 041 ## - LANGUAGE CODE | |
| Language code of text/sound track or separate title | pun |
| Source of code | pun |
| 084 ## - COLON CLASSIFICATION NUMBER | |
| Classification number | O142,1NHAw,1 153[R3].2 |
| Assigning agency | CRL |
| 100 ## - MAIN ENTRY--PERSONAL NAME | |
| Personal name | ਹਮਗ਼ਾਤੋਵ, ਰਸੂਲ, ਚ। |
| 9 (RLIN) | 819428 |
| 245 #0 - TITLE STATEMENT | |
| Title | ਮੇਰਾ ਦਾਗ਼ਿਸਤਾਨ |
| Statement of responsibility, etc. | ਹਮਗ਼ਾਤੋਵ, ਰਸੂਲ, ਚ। |
| 260 ## - PUBLICATION, DISTRIBUTION, ETC. | |
| Place of publication, distribution, etc. | ਪਟਿਆਲਾ, ਭਾਰਤ |
| Name of publisher, distributor, etc. | ਆੱਟਮ ਆਰਟ |
| Date of publication, distribution, etc. | 2023 |
| 300 ## - PHYSICAL DESCRIPTION | |
| Extent | 239ਪ੍ਰ0 |
| 365 ## - TRADE PRICE | |
| Price type code | INR |
| Price amount | 275 |
| 490 ## - SERIES STATEMENT | |
| Volume/sequential designation | Pt.2 |
| 650 ## - SUBJECT ADDED ENTRY--TOPICAL TERM | |
| Topical term or geographic name entry element | Russian Literature |
| 9 (RLIN) | 820689 |
| 942 ## - ADDED ENTRY ELEMENTS (KOHA) | |
| Koha item type | Textbook |
| Classification part | O142,1NHAw,1 153[R3].2 |
| Source of classification or shelving scheme | Colon Classification (CC) |
| Suppress in OPAC | No |
| Withdrawn status | Lost status | Damaged status | Not for loan | Home library | Current library | Date acquired | Source of acquisition | Cost, normal purchase price | Inventory number | Total Checkouts | Full call number | Barcode | Date last seen | Price effective from | Koha item type |
|---|---|---|---|---|---|---|---|---|---|---|---|---|---|---|---|
| Central Library | Central Library | 2024-11-29 | H.K. Prakashan | 275.00 | 1607 & 03/01/2024 | O142,1NHAw,1 153[R3] | CL1680421 | 2024-11-29 | 2024-11-29 | Textbook |
